00739nam a22001817a 4500003000900000008004100009040007100050082002200121100002300143245003600166260006200202300002700264440004300291505018100334650001100515650001300526650001800539AR-CdUCM190509b ||||| |||| 00| 0 spa d aMUNICIPALIDAD PROVINCIAL DEL CUSCOcBIBLIOTECA MUNICIPAL DEL CUSCO a981 /bM42 / 1944 aMendoca, Renato de aPequeña historia del Brasil / aMéxico :bSecretaría de Educación Pública,c1944. a94 páginas ;c21 cm. aBiblioteca enciclopédica popularn23 aContenido: Historia de la colonia, descubrimiento y conquista - La independencia y el imperio - La república - El Brasil contemporáneo, su economía, industria y comercio. aBrasil aHistoria aIndependencia